LDR 00906naa#a2200193#i#450# 001 EN\\bibl\20283 005 20260702011125.4 100 ## _a20260630b2026####ek#y0engy0150####ca 102 ## _aRU 200 1# _aCHARACTERISTICS OF THE RESEARCH OBJECT FOR THE DEVELOPMENT OF AN INFORMATION SYSTEM FOR DOCUMENT MANAGEMENT AT THE AVTOBAZA POCHTA ENTERPRISE _eConference article/thesis 210 1# _aVoronezh _cFSBE Institution of Higher Education Voronezh State University of Forestry and Technologies named after G.F. Morozov _d2026 215 ## _a7 с. 608 ## _aConference article/thesis _2local 675 ## _aИнформационные технологии. Компьютерные технологии. Теория вычислительных машин и систем. 004 _z 700 #1 _aSpiridonov _gM. S. 700 #1 _aSazonova _gS. A. 700 #1 _aLemeshkin _gA. V. 700 #1 _aDronov _gD. I. 856 4# _abibl.vgltu.ru _u